Normal view MARC view

Entry Personal Name

Number of records used in: 2

001 - CONTROL NUMBER

  • control field: 32928

003 - CONTROL NUMBER IDENTIFIER

  • control field: dpl

005 - DATE AND TIME OF LATEST TRANSACTION

  • control field: 20110817100305.0

008 - FIXED-LENGTH DATA ELEMENTS

  • fixed length control field: 110817|||a|||||| | ||| d

040 ## - CATALOGING SOURCE

  • Original cataloging agency: dpl
  • Transcribing agency: dpl

100 ## - HEADING--PERSONAL NAME

  • Personal name: Irani, Anosh,
  • Dates associated with a name: 1974-

670 ## - SOURCE DATA FOUND

  • Source citation: Work cat.: (dpl)55275: Irani, Anosh, 1974-, Dahanu Road /, 2010.

670 ## - SOURCE DATA FOUND

  • Source citation: Work cat.: (dpl)55275: Irani, Anosh, 1974-, Dahanu Road /, 2010.

© Delhi Public Library
Hit Counter
free hit counter